| 000 | 00563nam a2200205Ia 4500 | ||
|---|---|---|---|
| 008 | 160319s9999 xx 000 0 und d | ||
| 020 | _a978-971-0488-76-6 | ||
| 050 | _aFIL QC 21.3 | ||
| 050 | _b.A88 2012 | ||
| 100 | _aAsuncion, Alvie J. | ||
| 245 | _aPhysics works / | ||
| 245 | _cAlvie J. Asuncion, Michael Jerome M. Encina, Rea Joan A. Mayana-Atienza. | ||
| 260 | _aMakati City: | ||
| 260 | _bArmvet Printing Comp., Inc., | ||
| 260 | _c2012 | ||
| 300 | _a406 pages : | ||
| 300 | _bcolor illustrations ; | ||
| 300 | _c24 cm. | ||
| 650 | _aPhysics. | ||
| 999 |
_c291878 _d291878 |
||